| 000 | 01274cam a2200169 4500500 | ||
|---|---|---|---|
| 005 | 20260426010520.0 | ||
| 041 | _afre | ||
| 042 | _adc | ||
| 100 | 1 | 0 |
_aHenry, Martin _eauthor |
| 245 | 0 | 0 | _aMysticisme et christianisme |
| 260 | _c2005. | ||
| 500 | _a63 | ||
| 520 | _aRetraçant les grandes étapes de l’histoire du mysticisme chrétien, Martin Henry* montre que le christianisme n’est ni hostile ni étranger au mysticisme, mais qu’il ne saurait s’épuiser en lui : le mysticisme chrétien se caractérise par sa conscience singulière d’une distance non résorbable entre l’histoire et la parousie, notre condition présente et notre accomplissement final. | ||
| 520 | _aRecounting the major stages of Christian mysticism throughout history, Martin Henry shows that Christianity is neither hostile nor alien to mysticism; nor it is reducible to it. Christian mysticism is characterised by its awareness of a gap that cannot be filled between history and Second Coming, that is to say our present condition and our fulfilment. | ||
| 786 | 0 | _nÉtudes théologiques et religieuses | 80 | 2 | 2005-06-01 | p. 235-259 | 0014-2239 | |
| 856 | 4 | 1 | _uhttps://shs.cairn.info/revue-etudes-theologiques-et-religieuses-2005-2-page-235?lang=fr&redirect-ssocas=7080 |
| 999 |
_c2222477 _d2222477 |
||